=LDR 00000nam 2200000 4500 =001 INLIS000000000047849 =005 20160219093340.0 =006 =007 =008 =020 ##$$a 0.9590145.7-8 =035 ##$$0010-021600000000238 =040 ##$$a NBPDMAT =082 ##$$a 910.209 46 =090 ##$$a 910.209 46 $bHug w =100 ##$$a Hughes, Owen =245 ##$$a We love tasmania / Owen Hughes =250 ##$$a Cet. 1 =260 ##$$a Tasmania$bDai Nippon$c2006 =300 ##$$a 64 hlm. : ilus. ; 13 cm =650 ##$$a Pariwisata - Buku Petunjuk Tasmania =850 ##$$a NBPDMAT =990 ##$$a 31500739 =990 ##$$a 31500739/BPAP-NTB/2016